[Event "13sen.WMH 2003 Senioren"]
[Site "Bad Zwischenahn(17.11.-29.11.2003)"]
[Date "2003.11.29"]
[Round "10"]
[White "Klein, Leo"]
[Black "Niebaum, Karl"]
[Result "1-0"]
[WhiteElo "1956"]
[BlackElo "1798"]
[PlyCount "115"]


1. d4 d5 2. Bf4 Nf6 3. e3 Bf5 4. c4 c6 5. Bd3 Bxd3 6. Qxd3 dxc4 7. Qxc4 Nbd7 8.
Nc3 e6 9. Nge2 Nb6 10. Qb3 Bd6 11. O-O Bxf4 12. Nxf4 O-O 13. Rad1 Qe7 14. Nd3
Rfd8 15. Ne2 h6 16. a4 Rab8 17. Qc2 Nbd5 18. Ne5 Nd7 19. Nd3 Nb4 20. Qc3 Nxd3
21. Rxd3 Nf6 22. Ng3 Nd5 23. Qb3 Qb4 24. Qxb4 Nxb4 25. Rb3 a5 26. Rc1 f5 27.
Ne2 Kf7 28. Kf1 Kf6 29. Nf4 g5 30. Nd3 Nxd3 31. Rxd3 Rd5 32. Rb3 Rd6 33. Rb6 e5
34. dxe5+ Kxe5 35. Rc5+ Ke6 36. Rxa5 c5 37. Rab5 c4 38. Ke2 Ra8 39. a5 Rxb6 40.
Rxb6+ Kd5 41. Rb5+ Kc6 42. Rxf5 b5 43. axb6 Kxb6 44. Rf6+ Kc5 45. Kd2 Ra2 46.
Kc2 Ra1 47. Rxh6 Re1 48. Rf6 Kb4 49. Rf5 Re2+ 50. Kc1 Re1+ 51. Kd2 Rg1 52. e4
Kb3 53. Rb5+ Ka2 54. Ke3 Rb1 55. Kd4 Rc1 56. e5 Rc2 57. e6 Re2 58. Kd5 1-0

[Event "13sen.WMH 2003 Senioren"]
[Site "Bad Zwischenahn(17.11.-29.11.2003)"]
[Date "2003.11.29"]
[Round "10"]
[White "Knab, Horst"]
[Black "Sarkosch, Nerssi,Dr."]
[Result "1-0"]
[WhiteElo "1541"]
[BlackElo "1646"]
[PlyCount "99"]


1. Nf3 g6 2. d4 d6 3. c4 Bg7 4. Nc3 Nf6 5. e4 O-O 6. Be2 e5 7. d5 a5 8. O-O Na6
9. a3 Nc5 10. Qc2 Nh5 11. Be3 f5 12. Bxc5 dxc5 13. Rad1 Nf6 14. Nd2 Ne8 15. f3
f4 16. Rf2 Bd7 17. a4 g5 18. Nb3 b6 19. Nb5 Nd6 20. Bf1 h5 21. h3 Rf6 22. Bd3
Nxb5 23. cxb5 Rg6 24. Bc4 Kh8 25. Kf1 g4 26. hxg4 hxg4 27. Ke2 gxf3+ 28. gxf3
Qh4 29. Kd3 Rg3 30. Qe2 Rh3 31. Rg1 Bg4 32. Kc2 Bh5 33. Nd2 Rd8 34. Rfg2 Bf6
35. d6 cxd6 36. Rg8+ Rxg8 37. Rxg8+ Kh7 38. Rg2 Be7 39. Bg8+ Kh8 40. Be6 Rg3
41. Rh2 Qg5 42. Bg4 Qf6 43. Rxh5+ Kg7 44. Qh2 Rxg4 45. fxg4 Qg6 46. Qh3 Bf6 47.
Rf5 Qf7 48. Qb3 Qxb3+ 49. Kxb3 Kf7 50. g5 1-0

[Event "13sen.WMH 2003 Senioren"]
[Site "Bad Zwischenahn(17.11.-29.11.2003)"]
[Date "2003.11.29"]
[Round "10"]
[White "Korn, Juergen-Christof"]
[Black "Daniel, Wolfgang"]
[Result "1-0"]
[WhiteElo "1979"]
[BlackElo "1930"]
[PlyCount "104"]


1. g3 g6 2. Bg2 Bg7 3. d3 Nf6 4. c4 d6 5. Nc3 e5 6. Rb1 Nbd7 7. h3 Nc5 8. Bd2
O-O 9. b4 Ne6 10. e3 Ne8 11. Nge2 f5 12. Qb3 Kh8 13. O-O Nf6 14. Nd5 c6 15.
Nxf6 Bxf6 16. Bc3 Qe7 17. d4 Ng5 18. c5 Ne4 19. cxd6 Qxd6 20. dxe5 Bxe5 21.
Rbd1 Qf6 22. Bxe4 fxe4 23. f4 Bxc3 24. Nxc3 Bxh3 25. Nxe4 Qg7 26. Rfe1 Rae8 27.
Ng5 Bg4 28. Rd2 Qf6 29. Rh2 h5 30. Rd2 Kg7 31. e4 Rd8 32. e5 Qe7 33. Rxd8 Rxd8
34. e6 Kg8 35. Nf7 Rd5 36. Qc3 Bxe6 37. Ng5 Rxg5 38. fxg5 Qd6 39. Re2 b6 40. a3
Bf7 41. Rd2 Qe7 42. Qd3 Qxg5 43. Qd8+ Qxd8 44. Rxd8+ Kg7 45. Rd7 b5 46. Rc7 g5
47. Rxc6 h4 48. Ra6 hxg3 49. Kg2 Bc4 50. Kxg3 Kf7 51. Kg4 Ke7 52. Kxg5 Kd7 1-0

[Event "13sen.WMH 2003 Senioren"]
[Site "Bad Zwischenahn(17.11.-29.11.2003)"]
[Date "2003.11.29"]
[Round "10"]
[White "Krawinkel, Hans-Werner"]
[Black "Petzold, Rolf"]
[Result "1-0"]
[WhiteElo "1756"]
[BlackElo "1639"]
[PlyCount "123"]


1. c4 e5 2. Nc3 Nf6 3. g3 Bb4 4. Bg2 O-O 5. d3 Bxc3+ 6. bxc3 Re8 7. e3 d5 8.
cxd5 Nxd5 9. Ne2 c6 10. O-O Bg4 11. f3 Bh5 12. g4 Bg6 13. e4 Nc7 14. Be3 Nd7
15. Rb1 b6 16. f4 f6 17. f5 Bf7 18. a4 c5 19. c4 Na6 20. h4 h6 21. Nc3 Nb4 22.
Nd5 a5 23. Rf3 Nb8 24. Rg3 N8c6 25. g5 hxg5 26. hxg5 Bxd5 27. exd5 Nd4 28. Be4
Ra7 29. Qh5 fxg5 30. Bxg5 Qd7 31. Kh2 Qf7 32. Qxf7+ Kxf7 33. Rh3 Rg8 34. Rh1
Ke8 35. Rh7 Rf7 36. Rf1 Rgf8 37. f6 gxf6 38. Bg6 f5 39. Bxf7+ Rxf7 40. Rxf7
Kxf7 41. d6 Ke8 42. Kg2 Nxd3 43. Rb1 Nb4 44. Rh1 Kd7 45. Be7 Nbc6 46. Bf8 Ne6
47. Rh7+ Kc8 48. Bh6 Ned8 49. Bg5 Ne6 50. Bf6 Ned8 51. Rc7+ Kb8 52. Rh7 Kc8 53.
Kf2 Ne6 54. Ke3 Ned8 55. Rc7+ Kb8 56. Re7 Kc8 57. Rc7+ Kb8 58. Bxd8 Nxd8 59.
Re7 Nc6 60. Rf7 Nd4 61. Rf8+ Kb7 62. d7 1-0

[Event "13sen.WMH 2003 Senioren"]
[Site "Bad Zwischenahn(17.11.-29.11.2003)"]
[Date "2003.11.29"]
[Round "10"]
[White "Kudoke, Willy"]
[Black "Wittmann, Georg"]
[Result "0-1"]
[WhiteElo "1847"]
[BlackElo "1820"]
[PlyCount "100"]


1. c4 c6 2. Nc3 d5 3. cxd5 cxd5 4. d4 Nf6 5. g3 Bf5 6. Bg2 e6 7. Bg5 Be7 8.
Bxf6 Bxf6 9. Nf3 O-O 10. O-O Nc6 11. Rc1 Rc8 12. e3 a6 13. Qa4 Qb6 14. Qa3 Be7
15. Qb3 Qxb3 16. axb3 Nb4 17. Ne5 Bc2 18. Na4 Bxb3 19. Nc5 Bxc5 20. dxc5 Rfd8
21. Rc3 Ba4 22. Ra1 Bb5 23. Rd1 Rc7 24. Rd4 a5 25. Bf1 Bxf1 26. Kxf1 Rdc8 27.
Rb3 Rxc5 28. Rdxb4 axb4 29. Rxb4 f6 30. Nd3 R5c7 31. Rb6 Kf7 32. Nf4 Re7 33. h4
Rc6 34. Rb5 Rec7 35. Kg2 g6 36. Kf3 Rd6 37. h5 g5 38. Ne2 f5 39. g4 fxg4+ 40.
Kxg4 Kf6 41. f4 h6 42. fxg5+ hxg5 43. Ng3 b6 44. Rb4 Rc2 45. Kf3 Rdc6 46. Ne2
R2c4 47. Rb5 Rh4 48. Ng3 g4+ 49. Kg2 Rc2+ 50. Kg1 Rhh2 0-1

[Event "13sen.WMH 2003 Senioren"]
[Site "Bad Zwischenahn(17.11.-29.11.2003)"]
[Date "2003.11.29"]
[Round "10"]
[White "Loesche, Heinz"]
[Black "Neumann, Horst[38Koblenz]"]
[Result "1-0"]
[WhiteElo "1784"]
[BlackElo "1864"]
[PlyCount "239"]


1. c4 Nf6 2. Nc3 c6 3. g3 d5 4. cxd5 cxd5 5. Nf3 Nc6 6. e3 Bg4 7. d4 e6 8. Bg2
Rc8 9. Qa4 Nd7 10. a3 Bd6 11. O-O O-O 12. Nd2 Nb6 13. Qb3 Na5 14. Qa2 Nbc4 15.
Nb5 Bb8 16. b3 Nb6 17. a4 Nd7 18. Ba3 Re8 19. Rfc1 Rxc1+ 20. Rxc1 Nb6 21. Bc5
a6 22. b4 axb5 23. bxa5 Nxa4 24. Bf1 Qxa5 25. Rb1 Qc7 26. Rc1 Qd7 27. Qb1 Nxc5
28. Bxb5 Qd8 29. Bxe8 Qxe8 30. Rxc5 Bd6 31. Qxb7 e5 32. Rxd5 exd4 33. Rxd4 Bc8
34. Qa8 Bf8 35. Rc4 Bd7 36. Qxe8 Bxe8 37. Nf3 h6 38. Nd4 g6 39. Kg2 Kg7 40. h4
Bd6 41. f4 Bd7 42. e4 Bg4 43. Rc6 Bb8 44. Ra6 Bc7 45. Kf2 Bd8 46. Ke3 Be7 47.
Rc6 Bb4 48. f5 g5 49. hxg5 hxg5 50. Nf3 Be7 51. Nh2 Bd1 52. e5 Bb4 53. g4 Ba3
54. Nf3 Bb2 55. Rc5 Ba3 56. Rd5 Bc1+ 57. Kf2 Bb3 58. Rc5 Bf4 59. Nd4 Bd1 60.
Ne2 Bh2 61. e6 fxe6 62. fxe6 Kf6 63. e7 Kxe7 64. Rxg5 Kf6 65. Rd5 Bb3 66. g5+
Kg6 67. Rb5 Bc4 68. Rc5 Bxe2 69. Kxe2 Bf4 70. Kf3 Bxg5 71. Kg4 Bd8 72. Rc6+ Kf7
73. Kf5 Ke7 74. Ra6 Bc7 75. Ke4 Kd7 76. Kd5 Bh2 77. Ra7+ Kd8 78. Ke6 Bg3 79.
Rd7+ Kc8 80. Rd3 Bh2 81. Rh3 Bf4 82. Rf3 Bh2 83. Rf7 Bg3 84. Kd5 Kd8 85. Kc6
Bh2 86. Rf3 Be5 87. Rd3+ Ke7 88. Rh3 Ke6 89. Re3 Kf5 90. Kd5 Bb8 91. Re8 Bc7
92. Re7 Bb8 93. Rf7+ Kg5 94. Ke4 Kg6 95. Rf3 Kg5 96. Rb3 Bc7 97. Rb7 Bd6 98.
Rb5+ Kg4 99. Rb6 Bc7 100. Rg6+ Kh4 101. Rg7 Bb8 102. Kf5 Bd6 103. Rd7 Bb8 104.
Rd4+ Kg3 105. Rg4+ Kf3 106. Rb4 Bc7 107. Rb3+ Ke2 108. Ke4 Kf2 109. Rf3+ Kg2
110. Ke3 Bb6+ 111. Ke2 Bc7 112. Rf7 Bb6 113. Rg7+ Kh2 114. Kf3 Bc5 115. Rh7+
Kg1 116. Rd7 Kh2 117. Rd2+ Kg1 118. Rg2+ Kf1 119. Rc2 Ba3 120. Rc3 1-0

[Event "13sen.WMH 2003 Senioren"]
[Site "Bad Zwischenahn(17.11.-29.11.2003)"]
[Date "2003.11.29"]
[Round "10"]
[White "Luecke, Volkmar"]
[Black "Wolffram, Gert"]
[Result "1-0"]
[WhiteElo "1878"]
[BlackElo "1794"]
[PlyCount "141"]


1. Nf3 d5 2. c4 e6 3. b3 Be7 4. Bb2 Bf6 5. Qc2 Bxb2 6. Qxb2 Qf6 7. d4 Ne7 8.
Nbd2 b6 9. g3 Bb7 10. Bg2 O-O 11. O-O c5 12. cxd5 exd5 13. Rac1 Nd7 14. e3 Rac8
15. Rc3 cxd4 16. Nxd4 Rxc3 17. Qxc3 Rc8 18. Qa1 Nc5 19. Rc1 Nd3 20. Rxc8+ Bxc8
21. N2f3 h6 22. Qc3 Nc5 23. Nb5 Qxc3 24. Nxc3 Be6 25. Nd4 a6 26. b4 Nd3 27. a3
Ne5 28. a4 Nd3 29. b5 a5 30. Nc6 Nc8 31. Bxd5 Nc5 32. Bxe6 fxe6 33. e4 Nd6 34.
f3 Nc4 35. e5 Nb2 36. Kf2 Ncxa4 37. Nxa4 Nxa4 38. Ne7+ Kf7 39. Nc8 Ke8 40. Nd6+
Kd7 41. Ke3 Nc5 42. Nc4 Kc7 43. f4 g6 44. g4 Nd7 45. Kd4 Nf8 46. h4 Nh7 47. h5
g5 48. f5 exf5 49. gxf5 g4 50. Ke4 Ng5+ 51. Kf4 g3 52. Kxg3 a4 53. Kf4 Kd8 54.
f6 Ne6+ 55. Kf5 Nd4+ 56. Kg6 Ke8 57. Na3 Kf8 58. Kxh6 Kf7 59. Kg5 Ne6+ 60. Kf5
Nd4+ 61. Ke4 Ne6 62. h6 Kg6 63. Kd5 Nf8 64. Kd6 Kxh6 65. e6 Nh7 66. Ke7 Kg6 67.
f7 Kg7 68. Nc4 Nf8 69. Na3 Ng6+ 70. Ke8 Kf6 71. e7 1-0

[Event "13sen.WMH 2003 Senioren"]
[Site "Bad Zwischenahn(17.11.-29.11.2003)"]
[Date "2003.11.29"]
[Round "10"]
[White "Lundberg, Gunnar"]
[Black "Schueler, Wolfgang[36Lichtb]"]
[Result "1/2-1/2"]
[WhiteElo "1874"]
[BlackElo "1937"]
[PlyCount "59"]


1. e4 e5 2. Nf3 Nc6 3. Bb5 a6 4. Ba4 Nf6 5. d4 b5 6. Bb3 Bd6 7. O-O O-O 8. c3
h6 9. dxe5 Bxe5 10. Nxe5 Nxe5 11. f4 Nc6 12. e5 Nh7 13. Qf3 Rb8 14. Be3 Bb7 15.
Bd5 Na5 16. Nd2 Bxd5 17. Qxd5 Nc6 18. Ne4 Ne7 19. Qb3 Nf5 20. Bf2 Re8 21. Nc5
Qc8 22. Rfe1 Nf8 23. Rad1 d6 24. Nd3 c5 25. c4 Nd4 26. Bxd4 cxd4 27. cxb5 Rxb5
28. Qa4 dxe5 29. Rc1 Qf5 30. Nxe5 1/2-1/2

[Event "13sen.WMH 2003 Senioren"]
[Site "Bad Zwischenahn(17.11.-29.11.2003)"]
[Date "2003.11.29"]
[Round "10"]
[White "Marquardt, Rolf"]
[Black "Weber, Gerhard,Dr.[34Levk]"]
[Result "0-1"]
[WhiteElo "1774"]
[BlackElo "1879"]
[PlyCount "88"]


1. d4 Nf6 2. Nf3 g6 3. Bf4 Bg7 4. e3 d6 5. Bd3 b6 6. O-O O-O 7. Nbd2 Bb7 8. c3
Nbd7 9. Re1 Nd5 10. Bg3 e5 11. e4 Ne7 12. dxe5 Nxe5 13. Nxe5 dxe5 14. Nf3 f6
15. Qb3+ Kh8 16. Rad1 Qe8 17. h3 a5 18. Qb5 Bc6 19. Qb3 Ba4 20. Qc4 Bxd1 21.
Rxd1 Qc6 22. Qxc6 Nxc6 23. Bb5 Rad8 24. Nd2 Na7 25. Be2 Rd6 26. Nf3 Rxd1+ 27.
Bxd1 Rd8 28. Bb3 Bh6 29. Nxe5 fxe5 30. Bxe5+ Bg7 31. Bxc7 Rd2 32. Bxb6 Nc6 33.
Bd5 Rxb2 34. Bc7 Be5 35. Bxe5+ Nxe5 36. f4 Nd7 37. e5 Kg7 38. g4 Rc2 39. Bc6
Nc5 40. f5 Rxc3 41. Kg2 Re3 42. e6 Kf6 43. fxg6 hxg6 44. Bd5 Nxe6 0-1

[Event "13sen.WMH 2003 Senioren"]
[Site "Bad Zwischenahn(17.11.-29.11.2003)"]
[Date "2003.11.29"]
[Round "10"]
[White "Mayers_Lorien, Dan E."]
[Black "Bartle, Georg"]
[Result "1/2-1/2"]
[WhiteElo "1997"]
[BlackElo "1682"]
[PlyCount "104"]


1. e4 d5 2. exd5 Qxd5 3. Nc3 Qa5 4. d4 c6 5. Bc4 Nf6 6. Nf3 Bg4 7. Bd2 e6 8.
Qe2 Qb6 9. O-O-O Nd5 10. Nxd5 cxd5 11. Bxd5 Be7 12. Bb3 O-O 13. c3 Bf6 14. h3
Bxf3 15. Qxf3 Nc6 16. g4 Na5 17. Bc2 Nc4 18. b3 Nxd2 19. Kxd2 Bg5+ 20. Ke1 Bh4
21. Rg1 Qa5 22. Ke2 h6 23. Qd3 g6 24. f4 Rfe8 25. Qd2 Bd8 26. a4 Rc8 27. c4
Qxd2+ 28. Kxd2 Ba5+ 29. Kc1 Red8 30. Kb2 Bb4 31. h4 Kg7 32. f5 g5 33. fxe6 fxe6
34. Be4 b6 35. d5 exd5 36. Bf5 Rc5 37. hxg5 hxg5 38. Rh1 d4 39. Rh7+ Kf6 40.
Rh6+ Ke5 41. Re6+ Kf4 42. Rd3 Re5 43. Rxe5 Kxe5 44. Rh3 Kf4 45. Rh7 a5 46. Kc2
Re8 47. Rh6 Bc5 48. Be6 Rf8 49. Kd3 Ke5 50. Bf5 Kf4 51. Be6 Ke5 52. Bf5 Kf4
1/2-1/2

[Event "13sen.WMH 2003 Senioren"]
[Site "Bad Zwischenahn(17.11.-29.11.2003)"]
[Date "2003.11.29"]
[Round "10"]
[White "Miessner, Rolf"]
[Black "Suess, Horst"]
[Result "1-0"]
[WhiteElo "1616"]
[BlackElo "1301"]
[PlyCount "97"]


1. e4 e5 2. Nf3 Nc6 3. Bb5 a6 4. Ba4 Nf6 5. O-O Be7 6. Re1 b5 7. Bb3 d6 8. c3
O-O 9. h3 Na5 10. Bc2 c5 11. d4 Nd7 12. Nbd2 h6 13. Nf1 Bb7 14. Ng3 Nf6 15. b3
c4 16. b4 Nc6 17. d5 Nb8 18. a4 Nbd7 19. a5 Nh7 20. Nf5 Bg5 21. Nxg5 Nxg5 22.
Nxd6 Ra7 23. Be3 Qa8 24. h4 Nh7 25. Qd2 Qb8 26. Bxa7 Qxa7 27. Re3 Nhf6 28. Nxb7
Qxb7 29. Qe2 g6 30. g4 Ne8 31. Rf1 Qc8 32. Bd1 Ng7 33. Rg3 Qd8 34. Rh3 Kh7 35.
Qe3 Rh8 36. g5 h5 37. f4 Rf8 38. f5 Ne8 39. Rhf3 Kg7 40. Qa7 Nd6 41. Bc2 Kg8
42. Qxa6 Qb8 43. Qc6 Qa7+ 44. Kg2 Ne8 45. Qxb5 Nd6 46. Qc6 Ne8 47. fxg6 Kg7 48.
Rxf7+ Rxf7 49. Rxf7+ 1-0

[Event "13sen.WMH 2003 Senioren"]
[Site "Bad Zwischenahn(17.11.-29.11.2003)"]
[Date "2003.11.29"]
[Round "10"]
[White "Moeckel, Edgar,Dr."]
[Black "Bitzer, Dieter"]
[Result "1/2-1/2"]
[WhiteElo "1805"]
[BlackElo "1735"]
[PlyCount "155"]


1. d4 d5 2. c4 e6 3. Nc3 Nf6 4. Nf3 Nbd7 5. e3 Be7 6. Bd3 dxc4 7. Bxc4 O-O 8.
e4 c5 9. O-O cxd4 10. Nxd4 Ne5 11. Be2 Bd7 12. Bf4 Ng6 13. Be3 a6 14. Bf3 Nh4
15. Be2 e5 16. Nb3 Bc6 17. f3 Ng6 18. g3 Qc7 19. Qe1 Rad8 20. Qf2 Nd7 21. Rac1
Qb8 22. Rfd1 Nf6 23. Na5 Bd7 24. Bb6 Rde8 25. Bc4 h5 26. h4 Bd8 27. Nd5 Bc8 28.
Ba7 Qa8 29. Bb6 Bxb6 30. Qxb6 Re6 31. Qe3 Qb8 32. Bb3 Nxd5 33. Bxd5 Rf6 34. Kg2
b5 35. Nc6 Qc7 36. Nb4 Qe7 37. Nc6 Qe8 38. Qc5 Kh7 39. b4 Qd7 40. Rh1 Bb7 41.
Nxe5 Nxe5 42. Qxf8 Bxd5 43. Rcd1 Qc6 44. exd5 Qc2+ 45. Kh3 Qf5+ 46. Kg2 Qxf3+
47. Kh3 Ng4 48. Qc5 Nf2+ 49. Kh2 Rg6 50. Rhg1 Nxd1 51. d6 Qd3 52. Qxh5+ Kg8 53.
Qxd1 Rxd6 54. Qxd3 Rxd3 55. Rg2 f6 56. Rc2 Kf7 57. h5 Ra3 58. Kh3 Kg8 59. Rb2
Kh7 60. Kg4 Kh6 61. Kh4 g6 62. hxg6 Kxg6 63. Kg4 Rc3 64. Rb3 Rc4+ 65. Kf3 Kg5
66. a3 f5 67. Rd3 Rc1 68. Kg2 Rc2+ 69. Kf3 Rc4 70. Re3 Rc1 71. Kf2 Rc2+ 72. Kf3
Rc8 73. Rd3 Rc4 74. Re3 Kf6 75. Kf2 Rc2+ 76. Kf3 Kg5 77. Rd3 Rc1 78. Kf2
1/2-1/2

[Event "13sen.WMH 2003 Senioren"]
[Site "Bad Zwischenahn(17.11.-29.11.2003)"]
[Date "2003.11.29"]
[Round "10"]
[White "Molez, Karl"]
[Black "Baumgartner, Walter,Dr."]
[Result "1/2-1/2"]
[WhiteElo "1885"]
[BlackElo "2046"]
[PlyCount "93"]


1. d4 Nf6 2. c4 e6 3. Nc3 Bb4 4. Qc2 c5 5. e3 O-O 6. Nf3 b6 7. Be2 Bb7 8. O-O
d6 9. a3 Bxc3 10. Qxc3 Ne4 11. Qc2 f5 12. b4 Nd7 13. dxc5 dxc5 14. Bb2 Qe7 15.
Rad1 Rad8 16. b5 Ng5 17. Ne5 Nh3+ 18. Kh1 Nxe5 19. Bxe5 Qg5 20. Bf3 Bxf3 21.
gxf3 Qh5 22. Kg2 Ng5 23. Qe2 Qh3+ 24. Kh1 Nxf3 25. Bg3 Ng5 26. f3 Qh5 27. Bc7
Rxd1 28. Qxd1 Qf7 29. Be5 h6 30. Qd6 Qe8 31. Rg1 Rf7 32. Qd1 Nh3 33. Rf1 Rd7
34. Qe1 Qd8 35. Qg3 Ng5 36. h4 Rd1 37. Rg1 Rxg1+ 38. Qxg1 Qe8 39. hxg5 Qh5+ 40.
Kg2 Qxg5+ 41. Kf2 Qe7 42. Qd1 Qh4+ 43. Bg3 Qxc4 44. Qd7 Qc2+ 45. Kf1 Qc1+ 46.
Ke2 Qb2+ 47. Ke1 1/2-1/2

[Event "13sen.WMH 2003 Senioren"]
[Site "Bad Zwischenahn(17.11.-29.11.2003)"]
[Date "2003.11.29"]
[Round "10"]
[White "Mueller, Hartmut Dieter"]
[Black "Wernitz, Armin"]
[Result "1/2-1/2"]
[WhiteElo "1425"]
[BlackElo "1456"]
[PlyCount "183"]


1. d4 Nf6 2. c4 e6 3. Nc3 Bb4 4. Qc2 c5 5. a3 Bxc3+ 6. bxc3 d5 7. Bg5 Nbd7 8.
e3 h6 9. Bh4 Qa5 10. f3 O-O 11. Bd3 dxc4 12. Bxc4 b5 13. Be2 c4 14. Nh3 Nd5 15.
Qd2 Qxc3 16. Qxc3 Nxc3 17. Bd1 Nxd1 18. Rxd1 Nb6 19. O-O Bd7 20. Nf2 Rfc8 21.
Ne4 a5 22. Be1 Nd5 23. Kf2 b4 24. Nc5 Rc7 25. e4 Nb6 26. axb4 axb4 27. Bxb4 Bb5
28. Rb1 Ra2+ 29. Kg3 Nd7 30. e5 c3 31. Rfc1 c2 32. Rb3 Nxc5 33. Bxc5 Ba4 34.
Rb4 Rc6 35. Kf2 Ra6 36. Ke2 Ra5 37. Kd2 Ra8 38. Kc3 Kh7 39. f4 Kg6 40. g4 f6
41. Rb6 Re8 42. Ra6 Rb8 43. Bb6 Ra3+ 44. Kd2 f5 45. Rxc2 Bxc2 46. Rxa3 Be4 47.
gxf5+ Kxf5 48. Bc7 Rb2+ 49. Ke1 Rxh2 50. Rg3 g6 51. Ba5 Kxf4 52. Rb3 Bd5 53.
Ra3 Ke4 54. Bb6 g5 55. Kf1 g4 56. Ba5 Rb2 57. Rg3 h5 58. Ke1 Rb3 59. Bc3 Kf4
60. Rd3 Bc4 61. Bd2+ Ke4 62. Rxb3 Bxb3 63. Kf2 Kxd4 64. Kg3 Kxe5 65. Kh4 Bd1
66. Kxh5 Ke4 67. Kh4 Kf3 68. Be1 e5 69. Bg3 e4 70. Be1 Kg2 71. Kg5 Bf3 72. Kf4
Kf1 73. Bd2 Kf2 74. Be3+ Kg2 75. Bd2 Kh3 76. Be1 Kg2 77. Bg3 Kf1 78. Ke3 Kg2
79. Kf4 Kh3 80. Bf2 Bg2 81. Be1 Bf3 82. Bf2 Kg2 83. Be1 Kf1 84. Bd2 Ke2 85. Bc1
Kd3 86. Be3 Ke2 87. Bc1 Kd1 88. Be3 Ke2 89. Bc1 Kf2 90. Be3+ Kg2 91. Bd2 g3 92.
Be1 1/2-1/2

[Event "13sen.WMH 2003 Senioren"]
[Site "Bad Zwischenahn(17.11.-29.11.2003)"]
[Date "2003.11.29"]
[Round "10"]
[White "Mueller, Heinz[41Sandersd]"]
[Black "Mueller, Helmut[30Lüneb]"]
[Result "1/2-1/2"]
[WhiteElo "1777"]
[BlackElo "1694"]
[PlyCount "83"]


1. d4 d5 2. Nf3 Nf6 3. e3 c6 4. Be2 e6 5. O-O Be7 6. Nbd2 O-O 7. b3 Nbd7 8. Bb2
b6 9. Rc1 Bb7 10. Bd3 h6 11. Qe2 Rc8 12. c4 c5 13. Rfd1 cxd4 14. Bxd4 Ba3 15.
Rc2 Qe7 16. Ne5 Nc5 17. Bxc5 Bxc5 18. e4 dxc4 19. Nexc4 e5 20. Kh1 Rcd8 21. Ne3
g6 22. f3 Nh5 23. g3 Qd7 24. Ndf1 Bd4 25. Bc4 Kg7 26. Ng4 Qe7 27. Qd2 Rh8 28.
Qe1 Nf6 29. Nxf6 Qxf6 30. Rcd2 Rd6 31. Ne3 Qg5 32. Nc2 Rhd8 33. Nxd4 Rxd4 34.
Rxd4 exd4 35. Rd3 Qc5 36. Rd1 Bc6 37. a4 a5 38. Kg2 Qe5 39. Bd3 Bd7 40. Rc1 Rc8
41. Rxc8 Bxc8 42. Qc1 1/2-1/2

[Event "13sen.WMH 2003 Senioren"]
[Site "Bad Zwischenahn(17.11.-29.11.2003)"]
[Date "2003.11.29"]
[Round "10"]
[White "Nolte, Wilhelm"]
[Black "Erbs, Wolfgang"]
[Result "1/2-1/2"]
[WhiteElo "1670"]
[BlackElo "1727"]
[PlyCount "89"]


1. e4 e5 2. Nf3 Nf6 3. Nxe5 d6 4. Nf3 Nxe4 5. d3 Nf6 6. d4 d5 7. Bd3 Be7 8. O-O
O-O 9. Re1 Nc6 10. c3 Bg4 11. h3 Bh5 12. Bg5 Re8 13. Nbd2 Qd7 14. Bb5 Ne4 15.
Bxe7 Rxe7 16. Qc2 Bg6 17. Ne5 Qf5 18. Nxe4 Nxe5 19. dxe5 dxe4 20. Re3 Rxe5 21.
Be2 Qe6 22. b3 f5 23. Bc4 Rd5 24. Bxd5 Qxd5 25. Rd1 Qc5 26. Qd2 c6 27. Qd4 Qa3
28. Re2 Bh5 29. f3 exf3 30. Rf2 fxg2 31. Rxg2 Qf8 32. Rdd2 Bf3 33. Rg3 Be4 34.
b4 b6 35. Qd7 g6 36. Kh2 Bd5 37. Qc7 Qe8 38. Qf4 Qe6 39. Re3 Qf7 40. a3 Be4 41.
Qf2 Qb3 42. Qe2 Qf7 43. Qd1 Qc7+ 44. Rg3 f4 45. Rg1 1/2-1/2

[Event "13sen.WMH 2003 Senioren"]
[Site "Bad Zwischenahn(17.11.-29.11.2003)"]
[Date "2003.11.29"]
[Round "10"]
[White "Nopp, Josef"]
[Black "Rudolph, Joachim"]
[Result "1/2-1/2"]
[WhiteElo "1638"]
[BlackElo "1653"]
[PlyCount "89"]


1. Nf3 f5 2. b3 Nf6 3. Bb2 e6 4. c4 b6 5. g3 Bb7 6. Bg2 Be7 7. O-O O-O 8. Nc3
Nc6 9. d4 Qc8 10. Rc1 d5 11. cxd5 exd5 12. Ne1 Qd7 13. Nc2 Rac8 14. a3 Nd8 15.
b4 Ne6 16. f4 Ne4 17. Nxe4 dxe4 18. e3 Bd5 19. Ne1 c6 20. Rf2 b5 21. Bf1 a6 22.
Rc3 Nd8 23. Be2 Nb7 24. Nc2 a5 25. bxa5 Nxa5 26. Nb4 Bxb4 27. axb4 Nc4 28. Bxc4
Bxc4 29. Ra3 Ra8 30. Qa1 Qb7 31. Rc2 Rxa3 32. Qxa3 Ra8 33. Qc3 Ra4 34. Rc1 Qe7
35. Ba3 h6 36. Ra1 Qa7 37. Kg2 Bd5 38. h3 Kf7 39. g4 Kf6 40. Kg3 g6 41. Qc1 Qe7
42. Qc3 Qa7 43. Qc1 fxg4 44. hxg4 Qe7 45. Qh1 1/2-1/2

[Event "13sen.WMH 2003 Senioren"]
[Site "Bad Zwischenahn(17.11.-29.11.2003)"]
[Date "2003.11.29"]
[Round "10"]
[White "Olberg, Gerhard"]
[Black "Roth, Reinhard"]
[Result "0-1"]
[WhiteElo "1630"]
[BlackElo "1827"]
[PlyCount "94"]


1. c4 Nf6 2. Nc3 e5 3. g3 Bc5 4. Bg2 c6 5. e4 d6 6. Nge2 Be6 7. d3 h6 8. O-O
Qc8 9. Be3 Bb6 10. Bxb6 axb6 11. f4 Bh3 12. Qd2 Bxg2 13. Kxg2 Nbd7 14. f5 O-O
15. h3 Rd8 16. g4 Nh7 17. Ng3 Ndf6 18. Qe2 Qd7 19. h4 d5 20. cxd5 cxd5 21. a3
dxe4 22. dxe4 Qd2 23. Rad1 Qxe2+ 24. Ngxe2 Nxg4 25. Kf3 Nh2+ 26. Ke3 Nxf1+ 27.
Rxf1 Nf6 28. Rg1 Rd7 29. Nc1 Rad8 30. Rg2 h5 31. Kf3 Kf8 32. Ke3 Rd4 33. Kf3 b5
34. Nb3 Rd3+ 35. Ke2 Rh3 36. Na5 b6 37. Nb3 Rxh4 38. Nd2 Rh3 39. Nf3 b4 40.
axb4 Ng4 41. Nd5 b5 42. Nd2 Nf6 43. Ne3 Rd4 44. Nc2 Rdd3 45. Ne1 Rde3+ 46. Kd1
Nxe4 47. Nc2 Rh1+ 0-1

[Event "13sen.WMH 2003 Senioren"]
[Site "Bad Zwischenahn(17.11.-29.11.2003)"]
[Date "2003.11.29"]
[Round "10"]
[White "Ollek, Karl-Heinz"]
[Black "Hippler, Hans-Werner"]
[Result "1-0"]
[WhiteElo "1606"]
[BlackElo "1456"]
[PlyCount "65"]


1. c4 e5 2. Nc3 d6 3. g3 Nc6 4. Bg2 Be7 5. Nf3 Nf6 6. O-O Bd7 7. a3 O-O 8. b4
Qc8 9. Bb2 Bh3 10. Nd5 Bxg2 11. Kxg2 Nxd5 12. cxd5 Nd8 13. Rc1 Qd7 14. Qb3 Rc8
15. Rc2 c6 16. Rfc1 b6 17. d4 e4 18. Nd2 Bg5 19. e3 Qf5 20. dxc6 h5 21. d5 f6
22. Qc4 Nf7 23. Qxe4 Qxe4+ 24. Nxe4 Bh6 25. Rd1 f5 26. Nc3 a6 27. Na4 b5 28.
Nb6 Rc7 29. Bd4 g5 30. Nd7 Ra8 31. Bb6 Rcc8 32. Bd4 Bg7 33. Nb6 1-0

[Event "13sen.WMH 2003 Senioren"]
[Site "Bad Zwischenahn(17.11.-29.11.2003)"]
[Date "2003.11.29"]
[Round "10"]
[White "Oser, Thor"]
[Black "Schoerghuber, Kurt"]
[Result "1/2-1/2"]
[WhiteElo "1722"]
[BlackElo "1702"]
[PlyCount "30"]


1. e4 c6 2. g3 d5 3. Nc3 d4 4. Nce2 e5 5. h3 Bd6 6. Bg2 Ne7 7. d3 O-O 8. g4 Ng6
9. Nf3 Nh4 10. Nxh4 Qxh4 11. Ng3 g6 12. O-O c5 13. Qd2 Qe7 14. Qh6 Be6 15. Ne2
f6 1/2-1/2

[Event "13sen.WMH 2003 Senioren"]
[Site "Bad Zwischenahn(17.11.-29.11.2003)"]
[Date "2003.11.29"]
[Round "10"]
[White "Peleikis, Horst"]
[Black "Nietsch, Horst"]
[Result "1/2-1/2"]
[WhiteElo "1916"]
[BlackElo "1987"]
[PlyCount "78"]


1. e4 Nf6 2. e5 Nd5 3. d4 d6 4. c4 Nb6 5. exd6 cxd6 6. Nf3 g6 7. Nc3 Bg7 8. Be3
O-O 9. Be2 Nc6 10. Rc1 Bg4 11. b3 e6 12. O-O d5 13. c5 Nc8 14. Qd2 Bxf3 15.
Bxf3 Qf6 16. Rfd1 a6 17. Ne2 Qd8 18. b4 N8e7 19. h3 Nf5 20. Bg5 Qd7 21. Be3
Nxe3 22. Qxe3 Ne7 23. Bg4 Rae8 24. g3 Kh8 25. Rb1 Nc6 26. Qd3 Qc7 27. f4 f5 28.
Bf3 Bf6 29. b5 axb5 30. Rxb5 Ra8 31. Kg2 Ra4 32. Qb3 Ra7 33. Rb1 Rb8 34. Rb6
Qd7 35. Qb5 Rba8 36. Rxb7 Rxb7 37. Qxb7 Qxb7 38. Rxb7 Ra6 39. a4 Nxd4 1/2-1/2

[Event "13sen.WMH 2003 Senioren"]
[Site "Bad Zwischenahn(17.11.-29.11.2003)"]
[Date "2003.11.29"]
[Round "10"]
[White "Perk, Egbert"]
[Black "Bomert, Egon"]
[Result "1/2-1/2"]
[WhiteElo "1883"]
[BlackElo "1942"]
[PlyCount "64"]


1. Nf3 Nf6 2. d4 g6 3. g3 Bg7 4. Bg2 d5 5. c4 c6 6. cxd5 cxd5 7. Nc3 O-O 8. O-O
Ne4 9. Qb3 Nxc3 10. bxc3 Nc6 11. Nd2 e6 12. e4 Na5 13. Qb4 Re8 14. a4 Bf8 15.
Qb1 Qc7 16. Bb2 Nc4 17. Nxc4 Qxc4 18. Qd1 Bd7 19. Re1 a6 20. Bf1 Qc6 21. e5
Rec8 22. Qb3 Rab8 23. Rec1 Be7 24. Ba3 Bxa3 25. Qxa3 Qb6 26. a5 Qd8 27. Rab1
Rc6 28. Rb3 Qc7 29. Rcb1 Be8 30. h4 Kg7 31. Rc1 h6 32. Rcb1 Kg8 1/2-1/2

[Event "13sen.WMH 2003 Senioren"]
[Site "Bad Zwischenahn(17.11.-29.11.2003)"]
[Date "2003.11.29"]
[Round "10"]
[White "Petrasch, Klaus"]
[Black "Rehe, Walter"]
[Result "1/2-1/2"]
[WhiteElo "1914"]
[BlackElo "1956"]
[PlyCount "21"]


1. e4 e6 2. d4 d5 3. Nc3 Bb4 4. exd5 exd5 5. Bd3 Nc6 6. Be3 Nf6 7. h3 Ne4 8.
Nge2 f5 9. a3 Ba5 10. b4 Bb6 11. Nxd5 1/2-1/2